| 000 | 00484nam a2200193Ia 4500 | ||
|---|---|---|---|
| 005 | 20240823030059.0 | ||
| 008 | 240823s9999||||xx |||||||||||||| ||und|| | ||
| 020 | _a978-0-7506-4449-5 | ||
| 041 | _aENGLISH | ||
| 082 | _A629.2275 Q1 | ||
| 100 | _aGarrett T K et al. | ||
| 245 | 4 | _aThe Motor Vehicle | |
| 250 | _a13th | ||
| 260 |
_c2011 _b"Elsevier India (P) Limited,New " |
||
| 500 | _aTRANSFERED | ||
| 650 |
_aMotor _bAutomobile Engineering |
||
| 942 | _cBK | ||
| 999 |
_c187845 _d187845 |
||